000 00691nam a22002417a 4500
001 32818
003 UA-OsUOA
005 20210103221837.0
007 ta
008 20050214b un ||||| |||| 00| 0 ukr d
040 _aUA-OsUOA
_brus
_cUA-OsUOA
_dUA-OsUOA
041 _arus
044 _aRU
080 _a821.112.2
090 _a821.112.2
_bЗ-47
100 _aЗегерс А.
245 _aСедьмой крест
_cА. Зегерс ; вступ. статья Т. Мотылёва
_bрассказы
260 _aМосква
_bХудожественная литература
_c1975
300 _a510 с.
_bІлюстрації
650 7 _2UDC
942 _cBK
_2udc
955 _a0
999 _c319271
_d319271